The sullen lovers, or, The impertinents : a comedy /

Bibliographic Details
Main Author: Shadwell, Thomas, 1642?-1692
Other Authors: Molière, 1622-1673
Format: Microform Book
Language:English
Series:Early English books, 1641-1700 ; 849:2.

MARC

Tag First Indicator Second Indicator Subfields
LEADER 00000cam a2200000 a 4500
001 in00000960621
005 20150926133953.0
007 hd afv|||baca
008 860626s1693 miu a 00010 eng d
035 |a (OCoLC)13785759 
035 |9 AEU1128AM 
037 |a CL0037000026  |b UMI 
037 |b University Microfilms International, 300 N. Zeeb Rd., Ann Arbor, MI 48106 
040 |a EAA  |c EAA  |d m/c  |d UtOrBLW 
049 |a TXAI 
099 |a film   |a  B   |a  3609 
100 1 |a Shadwell, Thomas,  |d 1642?-1692. 
245 1 4 |a The sullen lovers, or, The impertinents :  |b a comedy /  |c written by Tho. Shadwell. 
264 3 |a London :  |b Printed for H. Herringman and sold by R. Bently, F. Saunders, J. Knapton and D. Brown,  |c 1693. 
300 |a 10 unnumbered pages, 66 pages 
336 |a text  |b txt  |2 rdacontent 
337 |a microform  |b h  |2 rdamedia 
338 |a microfilm reel  |b hd  |2 rdacarrier 
500 |a Based on Molière's Les fâcheux and also based in part on his Le misanthrope. 
500 |a First edition, 1668. 
500 |a "Acted at the Theatre Royal by Their Majesties servants." 
500 |a Reproduction of original in Duke University Library. 
510 4 |a Wing  |c S2880 
533 |a Microfilm.  |b Ann Arbor, Mich. :  |c University Microfilms International,  |d 1978.  |e 1 microfilm reel ; 35 mm.  |f (Early English books, 1641-1700 ; 849:2) 
500 |a Microform. 
700 1 |a Molière,  |d 1622-1673.  |t Fâcheux. 
700 1 |a Molière,  |d 1622-1673.  |t Misanthrope. 
740 4 |a The sullen lovers. 
740 4 |a The impertinents. 
830 0 |a Early English books, 1641-1700 ;  |v 849:2. 
999 |a MARS 
999 f f |s 96150ad9-2dc3-3387-a84f-f971866f091f  |i 9aab280a-1c7d-3c87-a589-74d7e59c997c  |t 0 
952 f f |p default  |a Texas A&M University  |b College Station  |c Sterling C. Evans Library  |d Evans: Microforms (3rd floor)  |t 0  |e film B 3609 849:2  |h Other scheme  |i microform -- microfilm reel 
998 f f |a film B 3609 849:2  |t 0  |l Evans: Microforms (3rd floor)